000 00289nam a2200121Ia 4500
003 OSt
005 20230830091407.0
008 170523s9999 xx 000 0 und d
040 _cIIMT UNIVERSITY
100 _aMOHAN- KRISHNA
245 0 _aDEVELOPING COMMUNICATION SKILLS
942 _2ddc
_c02
999 _c10098
_d10098